|
|
|
|
| LEADER |
00643nab a2200193 i 4500 |
| 001 |
acta26330 |
| 005 |
20210224152559.0 |
| 008 |
161017s1972 hu o 0|| hun d |
| 022 |
|
|
|a 0544-7224
|
| 040 |
|
|
|a SZTE Egyetemi Kiadványok Repozitórium
|b hun
|
| 041 |
|
|
|a hun
|
| 100 |
1 |
|
|a Boor Éva
|
| 245 |
1 |
0 |
|a Diákkörök az országos szakmai konferencián
|h [elektronikus dokumentum] /
|c Boor Éva
|
| 260 |
|
|
|c 1972
|
| 300 |
|
|
|a 211-213
|
| 490 |
0 |
|
|a Módszertani közlemények
|v 12 No. 4
|
| 695 |
|
|
|a Neveléstudomány
|
| 700 |
0 |
1 |
|a Gyaraki Etelka
|e aut
|
| 856 |
4 |
0 |
|u http://acta.bibl.u-szeged.hu/26330/1/modszertani_012_004_211-213.pdf
|z Dokumentum-elérés
|